Statistics for U.S. Airports Without Train Service

Click here to take the quiz!

General Stats

  • This quiz has been taken 17 times
  • The average score is 10 of 14

Answer Stats

Answer % Correct
San Diego
100%
Houston
92%
Boston
85%
Denver
85%
Los Angeles
85%
Charlotte
77%
Detroit
77%
Las Vegas
69%
Orlando
69%
Washington D.C. (Dulles)
69%
New York (LGA)
62%
Honolulu
54%
Tampa
54%
Fort Lauderdale
15%

Score Distribution

Percentile by Number Answered

Percent of People with Each Score

Your Score History

You have not taken this quiz